| 000 | 00656 a2200241 4500 | ||
|---|---|---|---|
| 001 | 200001250 | ||
| 999 |
_c200001250 _d3493 |
||
| 003 | TR-AnTOB | ||
| 005 | 20230526155704.0 | ||
| 008 | 100715s2007 tu 000 0 | ||
| 010 | _a9789754644142 | ||
| 020 | _a9789754644142 | ||
| 041 | _atur | ||
| 050 | 1 | 4 | _aKJE947 |
| 090 | _aKJE947.U53 2007 | ||
| 100 | 1 |
_aÜnal, Şeref, _d1940- _945307 |
|
| 245 | 1 | 0 |
_aAvrupa Birliği hukukuna giriş / _cŞeref Ünal. |
| 264 | 1 |
_aİstanbul : _bYetkin, _c2007 |
|
| 300 |
_a109 s. _c24 cm. |
||
| 650 | 7 |
_aHukuk _zAvrupa Birliği ülkeleri _vDavalar _2etuturkob _964460 |
|
| 650 | 0 |
_aLaw _zEuropean Union countries _vCases _964459 |
|
| 942 | _cBK | ||